| 000 | 00859nam a2200253 a 4500 | ||
|---|---|---|---|
| 001 | BRL_1929 | ||
| 005 | 20190320211435.0 | ||
| 008 | 180815s1994----mx-o######---#000-0#spa-# | ||
| 041 | _aspajpn | ||
| 050 | 4 |
_aTP919 _b.S55 1994 |
|
| 100 | 1 |
_aShirata, Yoshiko _928254 |
|
| 245 | 1 | 0 |
_aColorantes naturales _cYoshiko Shirata. |
| 260 |
_a[s.l.] _b[s.e.] _c1994 |
||
| 300 |
_a117 p. _bil. a color _c26 cm. _e+ 1 muestrario (34 cm.) |
||
| 500 | _aAu2291 | ||
| 500 | _aIncluye ´Muestrario de color : teñido del origen vegetal y animal´, escrito en japonés y de mayor tamaño que el libro | ||
| 504 | _aBibliografía: p. 109-117 | ||
| 650 | 1 | 4 |
_aTintes y teñido _94415 |
| 650 | 1 | 4 |
_aPlantas tintóreas _910629 |
| 650 | 1 | 4 |
_aTelas _vMuestrarios _928255 |
| 740 | 0 | _aMuestrario de color : teñido del origen vegetal y animal | |
| 902 | _aGRL | ||
| 942 |
_2lcc _cB |
||
| 999 |
_c10737 _d10737 |
||